000 00804nam a2200205 a 4500
008 100119s2008 ||||||||||||||||| || u
020 _a9780521727952
050 _aJF 1081 Glo
110 _aTransparency International
245 1 0 _aGlobal corruption report 2008: corruption in the water sector
260 _aCambridge
_bCambridge University Press
_c2008
300 _axxix, 367p.: ill.
350 _a0.00
650 _aBUSINESS ENTERPRISES--CORRUPTION PRACTICES
650 _aPOLITICS
650 _aWATER UTILITIES--CORRUPTION PRACTICES
650 _aWATER SUPPLY--CORRUPTION PRACTICES
650 _aPOLITICAL CORRUPTION
995 _D0.00
_FCBU-MAIN LIBRARY (Kitwe)
_H1
_I0.00
_M1
_UAVAILABLE
_WMar 15, 2010
_ZMain Library Open Access Collection
999 _c44623
_d44623